书目信息 |
| 题名: |
社会科学史纲
|
|
| 作者: | 班兹 作 ;王造时 , 向达 译 | |
| 分册: | 下册 | |
| 出版信息: | 郑州 河南人民出版社 2016.04 |
|
| 页数: | 333-692页 | |
| 开本: | 24cm | |
| 丛书名: | 民国专题史丛书 | |
| 单 册: | ||
| 中图分类: | C09 | |
| 科图分类: | ||
| 主题词: | 社会科学--科学史 | |
| 电子资源: | ||
| ISBN: | 978-7-215-10044-2 | |
| 000 | 00997nam0 2200289 450 | |
| 001 | 008527519 | |
| 005 | 20180917162616.59 | |
| 010 | @a978-7-215-10044-2@b精装@dCNY87.50,CNY175.00(全2册) | |
| 100 | @a20160816e2016 em y0chiy50 ea | |
| 101 | 1 | @achi@ceng |
| 102 | @aCN@b410000 | |
| 105 | @ay z 000yy | |
| 106 | @ar | |
| 200 | 1 | @a社会科学史纲@9she hui ke xue shi gang@h下册@f班兹作@g王造时,向达等译 |
| 205 | @a[影印本] | |
| 210 | @a郑州@c河南人民出版社@d2016.04 | |
| 215 | @a333-692页@d24cm | |
| 225 | 1 | @a民国专题史丛书 |
| 330 | @a本书以“社会科学之过去与前瞻”为命题,对包括史学、经济学、政治学、社会心理学、文化人类学、社会学等诸学科的历史和发展做了追溯。 | |
| 333 | @a大众读者 | |
| 606 | 0 | @a社会科学@x科学史 |
| 690 | @aC09@v5 | |
| 701 | 0 | @c(美)@a班兹@9ban ci@c(Barnes, Harry Elmer@f1889-1968)@4作 |
| 702 | 0 | @a王造时@9wang zao shi@f(1903-1971)@4译 |
| 702 | 0 | @a向达@9xiang da@f(1900-1966)@4译 |
| 801 | 0 | @aCN@b人天书店@c20161017 |
| 905 | @b1093891-94@dC09@e39:2@f4 | |
| 社会科学史纲.下册/班兹作/王造时,向达等译.-[影印本].-郑州:河南人民出版社,2016.04 |
| 333-692页;24cm.-(民国专题史丛书) |
| 使用对象:大众读者 |
| ISBN 978-7-215-10044-2(精装):CNY87.50,CNY175.00(全2册) |
| 本书以“社会科学之过去与前瞻”为命题,对包括史学、经济学、政治学、社会心理学、文化人类学、社会学等诸学科的历史和发展做了追溯。 |
| ● |
| 相关链接 |
|
|
|
|
正题名:社会科学史纲
索取号:C09/39:2
 
预约/预借
| 序号 | 登录号 | 条形码 | 馆藏地/架位号 | 状态 | 备注 |
| 1 | 1093891 | 210938912 | 第一样本阅览室/ [索取号:C09/39:2] | 在馆 | |
| 2 | 1093892 | 210938921 | 教育系资料室/ [索取号:C09/39:2] | 在馆 | |
| 3 | 1093893 | 210938930 | 教育系资料室/ [索取号:C09/39:2] | 在馆 | |
| 4 | 1093894 | 210938949 | 第一借阅区/ [索取号:C09/39:2] | 在馆 |